000 00546nam a22002057a 4500
003 OSt
005 20240530110422.0
008 150312s1992 ua acbef 000 0 eng d
020 _a97756832699
040 _aEG-CaGPL
_cEG-CaGPL
082 0 4 _221
_a523.111
_bCH/T E
100 1 _aTaylor , Jeremy
245 1 0 _aExploring Space /
_cJeremy Taylor
250 _aed. 1
260 _aCairo :
_bElisa Hoopoe ,
_c1992.
300 _a32 p. :
_bill. (chiefly col.), maps ;
_c24 cm.
650 0 _aSpace
942 _2ddc
_cBK
999 _c60666
_d60666